Coloquios y Doctrina Cristiana (Record no. 6223)

MARC details
000 -CABECERA
campo de control de longitud fija 01912nam a2200337 a 4500
001 - NÚMERO DE CONTROL
campo de control BRCA_6539
005 - FECHA Y HORA DE LA ÚLTIMA TRANSACCIÓN
campo de control 20190320205510.0
008 - DATOS DE LONGITUD FIJA--INFORMACIÓN GENERAL
campo de control de longitud fija 290911s1986----mx-#######---#000-0#spa-#
020 ## - NÚMERO INTERNACIONAL ESTÁNDAR DEL LIBRO
Número Internacional Estándar del Libro 9688378232
041 ## - CÓDIGO DE LENGUA
Código de lengua del texto/banda sonora o título independiente spa
044 ## - CÓDIGO DEL PAÍS DE LA ENTIDAD EDITORA/PRODUCTORA
Código MARC del país mx
050 #4 - SIGNATURA TOPOGRÁFICA DE LA BIBLIOTECA DEL CONGRESO
Número de clasificación BX1750
Número de documento/Ítem .C65 1986
245 10 - MENCIÓN DE TÍTULO
Título Coloquios y Doctrina Cristiana
Resto del título con que los doce frailes de San Francisco, enviados por el papa Adriano VI y por el emperador Carlos V, convirtieron a los indios de la Nueva España. En lengua mexicana y española
Mención de responsabilidad, etc. edición facsimilar, introducción, paleografía, versión del náhuatl y notas de Miguel León-Portilla.
260 ## - PUBLICACIÓN, DISTRIBUCIÓN, ETC.
Lugar de publicación, distribución, etc. México
Nombre del editor, distribuidor, etc. UNAM, Fundación de Investigaciones Sociales
Fecha de publicación, distribución, etc. 1986
300 ## - DESCRIPCIÓN FÍSICA
Extensión 214 p.
Otras características físicas il. a color
Dimensiones 35 cm.
440 #0 - MENCIÓN DE SERIE/PUNTO DE ACCESO ADICIONAL--TÍTULO
Título Facsímiles de Lingüistica y Filosofía Nahuas
Designación de volumen o secuencia 4
9 (RLIN) 16320
500 ## - NOTA GENERAL
Nota general Los diálogos de 1524, dispuestos por fray Bernardino de Sahagún y sus colaboradores, Antonio Valeriano de Azcapotzalco, Alonso Vegerano de Cuauhtitlán, Martín Jacobita y Andrés Leonardo de Tlatelolco, y otros cuatro ancianos muy entendidos en todas sus antigüedades
500 ## - NOTA GENERAL
Nota general Facsímil de: Colloquios y Doctrina christian conque los doze frayles de San Francisco enbiados por el papa Adriano Sesto y por el Emperador Carlo quinto: cônvertierôn alos indios de la Nueva España ênlêngua Mexicana y Española, 1524
500 ## - NOTA GENERAL
Nota general Donación Dra. Elsa Barberena
504 ## - NOTA DE BIBLIOGRAFÍA, ETC.
Nota de bibliografía, etc. Bibliografía: p. [209]-214
546 ## - NOTA DE LENGUA/LENGUAJE
Nota de lengua/lenguaje Texto en: náhuatl y español
650 14 - PUNTO DE ACCESO ADICIONAL DE MATERIA--TÉRMINO DE MATERIA
Término de materia o nombre geográfico como elemento de entrada Misiones
Subdivisión general Obras anteriores a 1800
Subdivisión geográfica México
9 (RLIN) 16321
650 14 - PUNTO DE ACCESO ADICIONAL DE MATERIA--TÉRMINO DE MATERIA
Término de materia o nombre geográfico como elemento de entrada Manuscritos españoles
Subdivisión de forma Facsímiles
9 (RLIN) 16322
650 14 - PUNTO DE ACCESO ADICIONAL DE MATERIA--TÉRMINO DE MATERIA
Término de materia o nombre geográfico como elemento de entrada Manuscritos
Subdivisión general Facsímiles
9 (RLIN) 16323
650 14 - PUNTO DE ACCESO ADICIONAL DE MATERIA--TÉRMINO DE MATERIA
Término de materia o nombre geográfico como elemento de entrada Lengua náhuatl
Subdivisión de forma textos
9 (RLIN) 16324
651 #4 - PUNTO DE ACCESO ADICIONAL DE MATERIA--NOMBRE GEOGRÁFICO
Nombre geográfico México
Subdivisión general Historia de la Iglesia
Subdivisión cronológica Siglo XVI
9 (RLIN) 16325
700 1# - PUNTO DE ACCESO ADICIONAL--NOMBRE DE PERSONA
Nombre de persona León-Portilla, Miguel
Fechas asociadas al nombre 1926-
9 (RLIN) 561
700 1# - PUNTO DE ACCESO ADICIONAL--NOMBRE DE PERSONA
Nombre de persona Sahagún, Bernardino de
Títulos y otros términos asociados al nombre Fray
Fechas asociadas al nombre 1499-1590
9 (RLIN) 16326
902 ## - CATALOGADOR
Iniciales DEB
942 ## - ELEMENTOS DE PUNTO DE ACCESO ADICIONAL (KOHA)
Fuente del sistema de clasificación o colocación Library of Congress Classification
Tipo de ítem Koha Libros
Holdings
Estado de retiro Estado de pérdida Estado dañado No para préstamo Localización permanente Ubicación/localización actual Fecha de adquisición Total de préstamos Signatura topográfica completa Código de barras Fecha visto por última vez Precio válido a partir de Tipo de ítem Koha
El ejemplar forma parte de la colección y puede ser consultado según las políticas vigentes.       Biblioteca del Museo Franz Mayer (Rogerio Casas-Alatriste) Biblioteca del Museo Franz Mayer (Rogerio Casas-Alatriste) 29/09/2011   BX1750 .C65 1986 DEB00006 22/03/2019 22/03/2019 Libros